[Event "Erkenschwick - Mülheim Nord 3"]
[Site "?"]
[Date "2023.11.19"]
[Round "4.2"]
[White "De Winter, Arthur"]
[Black "Oltmanns, Jan"]
[Result "1-0"]
[WhiteElo "2401"]
[BlackElo "2164"]
[PlyCount "75"]
[EventDate "2023.??.??"]
[SourceVersionDate "2023.09.04"]

1. e4 e5 2. Nf3 Nc6 3. Bb5 a6 4. Ba4 Nf6 5. O-O Nxe4 6. d4 b5 7. Bb3 d5 8. dxe5 Be6 9. c3 Bc5 10. Nbd2 O-O 11. Bc2 Nxf2 12. Rxf2 f6 13. Nf1 Bxf2+ 14. Kxf2 fxe5 15. Kg1 Bg4 16. Ne3 Be6 17. b3 a5 18. Ba3 b4 19. cxb4 axb4 20. Bb2 d4 21. Nc4 Qd5 22. Ng5 e4 23. Nxe4 Rad8 24. Bd3 Qf5 25. Qc2 Kh8 26. Rf1 Qh5 27. Re1 Bd5 28. Ng3 Rde8 29. Rxe8 Qxe8 30. Qd2 Qe6 31. h3 Ra8 32. Ba1 Ne5 33. Bf5 Nxc4 34. bxc4 Qe5 35. cxd5 Qxg3 36. Bxd4 b3 37. axb3 Qxb3 38. Qh6 1-0

[Event "Erkenschwick - Mülheim Nord 3"]
[Site "?"]
[Date "2023.11.19"]
[Round "4.3"]
[White "Mainusch, Martin"]
[Black "Ris, Robert"]
[Result "1/2-1/2"]
[WhiteElo "2055"]
[BlackElo "2443"]
[PlyCount "94"]
[EventDate "2023.??.??"]
[SourceVersionDate "2023.09.04"]

1. c4 e6 2. g3 d5 3. Bg2 d4 4. Nf3 Nc6 5. O-O Nh6 6. d3 Nf5 7. b3 h5 8. h3 f6 9. Ba3 Nb4 10. Bxb4 Bxb4 11. a3 Be7 12. b4 g5 13. Nfd2 a5 14. bxa5 Rxa5 15. Nb3 Ra7 16. N1d2 h4 17. g4 Nh6 18. Nf3 c5 19. e3 dxe3 20. fxe3 Qd6 21. d4 cxd4 22. exd4 Nxg4 23. hxg4 h3 24. Rf2 hxg2 25. Rxg2 Rxa3 26. Rxa3 Qxa3 27. Qd3 Kf7 28. Rf2 Kg7 29. Nfd2 Rh4 30. Qf3 e5 31. dxe5 Rxg4+ 32. Kf1 f5 33. Qd5 Qa6 34. Nc5 Qa1+ 35. Ke2 Rd4 36. Ne6+ Bxe6 37. Qxe6 Rxd2+ 38. Kxd2 Bb4+ 39. Ke2 Qe1+ 40. Kf3 Qh1+ 41. Ke2 Qe1+ 42. Kf3 Qe4+ 43. Kg3 Qh4+ 44. Kg2 Qg4+ 45. Kh2 Qh4+ 46. Kg2 Qg4+ 47. Kh2 Qh4+ 1/2-1/2

[Event "Erkenschwick - Mülheim Nord 3"]
[Site "?"]
[Date "2023.11.19"]
[Round "4.4"]
[White "De Vreugt, Dennis"]
[Black "Roitburd, Talik"]
[Result "1-0"]
[WhiteElo "2409"]
[BlackElo "2131"]
[PlyCount "85"]
[EventDate "2023.??.??"]
[SourceVersionDate "2023.09.04"]

1. e4 c5 2. Nf3 d6 3. d4 cxd4 4. Nxd4 Nf6 5. Nc3 a6 6. h3 e5 7. Nde2 Be7 8. g4 Be6 9. Bg2 h6 10. a4 Qc7 11. O-O Nbd7 12. Be3 Rc8 13. Qd2 Bc4 14. Rfc1 Bxe2 15. Nxe2 Nc5 16. Ng3 Ne6 17. c3 Rd8 18. Rd1 Bf8 19. a5 Rd7 20. b4 g5 21. Rac1 Nf4 22. c4 h5 23. f3 hxg4 24. hxg4 Qc8 25. Nf5 Ng8 26. Qa2 Nh6 27. Ng3 Qd8 28. Bf1 Nxg4 29. fxg4 Rh4 30. Nf5 Rxg4+ 31. Kf2 Qf6 32. Qb1 Qh8 33. Ke1 Qh1 34. Rd2 Ng2+ 35. Ke2 Qh3 36. Kd3 Qf3 37. Rxg2 Rxg2 38. Bxg2 Qxg2 39. Rg1 Qf3 40. Rg3 Qh5 41. Rxg5 Qf3 42. Rg3 Qh5 43. Rg8 1-0

[Event "Erkenschwick - Mülheim Nord 3"]
[Site "?"]
[Date "2023.11.19"]
[Round "4.5"]
[White "Schmidt, Kevin"]
[Black "Erwich, Frank"]
[Result "0-1"]
[WhiteElo "1989"]
[BlackElo "2383"]
[PlyCount "60"]
[EventDate "2023.??.??"]
[SourceVersionDate "2023.09.04"]

1. e4 e5 2. Nf3 Nc6 3. Bc4 Nf6 4. d3 h6 5. c3 d6 6. Nbd2 g6 7. a4 Bg7 8. Nf1 d5 9. exd5 Nxd5 10. Ng3 O-O 11. O-O b6 12. Re1 Bb7 13. h4 f5 14. b4 Kh7 15. Qb3 Nf4 16. a5 bxa5 17. b5 Ne7 18. Nxe5 Nxg2 19. Re2 f4 20. Nf7 Rxf7 21. Bxf7 fxg3 22. fxg3 Qxd3 23. Rxg2 Bxg2 24. Kxg2 Qe2+ 25. Kg1 Qe1+ 26. Kg2 Nf5 27. Bf4 Qxa1 28. Qe6 Qb2+ 29. Kh3 Nxh4 30. Kxh4 Qh2+ 0-1

[Event "Erkenschwick - Mülheim Nord 3"]
[Site "?"]
[Date "2023.11.19"]
[Round "4.6"]
[White "Spriestersbach, Kai"]
[Black "Grodotzki, Kenneth"]
[Result "1/2-1/2"]
[WhiteElo "2263"]
[BlackElo "1953"]
[PlyCount "82"]
[EventDate "2023.??.??"]
[SourceVersionDate "2023.09.04"]

1. e4 e6 2. d4 d5 3. e5 c5 4. c3 Qb6 5. Nf3 Bd7 6. Be2 cxd4 7. cxd4 Bb5 8. Nc3 Bxe2 9. Nxe2 Bb4+ 10. Kf1 Nc6 11. h4 O-O-O 12. h5 Kb8 13. Rh4 Rc8 14. Rg4 Bf8 15. Kg1 f5 16. Rg3 Na5 17. b3 Nc6 18. Bd2 Nh6 19. Be3 Nf7 20. Nf4 Nb4 21. Ne1 Rg8 22. a3 Na6 23. b4 Nc7 24. Qd3 Be7 25. Rb1 Bh4 26. Rh3 Bg5 27. Ne2 Qb5 28. Qd2 Bxe3 29. Qxe3 Qd7 30. b5 Na8 31. Nd3 Nb6 32. Nc5 Qe7 33. Nf4 Ng5 34. Rg3 Ne4 35. Nxe4 fxe4 36. Qe2 Rc7 37. Qg4 Re8 38. Kh2 Qf7 39. Rb2 Rc4 40. Rd2 Re7 41. Nh3 Qe8 1/2-1/2

[Event "Münster - Brackel"]
[Site "?"]
[Date "2023.11.19"]
[Round "4.1"]
[White "Fiebig, Thomas"]
[Black "Holtel, Jasper"]
[Result "1/2-1/2"]
[WhiteElo "2414"]
[BlackElo "2352"]
[PlyCount "94"]
[EventDate "2023.??.??"]
[SourceVersionDate "2023.09.04"]

1. e4 c5 2. c3 Nf6 3. e5 Nd5 4. Nf3 d6 5. d4 cxd4 6. cxd4 Nc6 7. Bc4 dxe5 8. dxe5 Ndb4 9. O-O Qxd1 10. Rxd1 Bg4 11. Nc3 e6 12. Be2 Be7 13. Bf4 Rd8 14. Rxd8+ Kxd8 15. a3 Nc2 16. Rc1 Bxf3 17. Bxf3 N2d4 18. Be4 Kc7 19. Kf1 Rd8 20. Be3 a6 21. Na4 Kb8 22. Nc5 Bxc5 23. Rxc5 Nb3 24. Rc3 Nd2+ 25. Bxd2 Rxd2 26. Bxc6 bxc6 27. Rxc6 Rxb2 28. Rxa6 Rb1+ 29. Ke2 Rb5 30. f4 g5 31. Ra4 Kc8 32. Ra7 gxf4 33. Rxf7 Rxe5+ 34. Kf3 Rh5 35. h3 e5 36. Rg7 Kd8 37. Ke4 Ke8 38. a4 Kf8 39. Rg4 Kf7 40. h4 Kf6 41. a5 Kf7 42. Rg5 Rxh4 43. Rxe5 Rg4 44. Kf3 Rg3+ 45. Kf2 Ra3 46. Rf5+ Kg6 47. Rxf4 Rxa5 1/2-1/2

[Event "Münster - Brackel"]
[Site "?"]
[Date "2023.11.19"]
[Round "4.2"]
[White "Schmitzer, Klaus"]
[Black "Luft, Dennis"]
[Result "1/2-1/2"]
[WhiteElo "2217"]
[BlackElo "2313"]
[PlyCount "237"]
[EventDate "2023.??.??"]
[SourceVersionDate "2023.09.04"]

1. e4 e5 2. Nf3 Nc6 3. Nc3 Nf6 4. g3 Bb4 5. Bg2 d6 6. d3 Be6 7. Ng5 Bg4 8. f3 Bd7 9. a3 Ba5 10. b4 Bb6 11. Na4 h6 12. Nh3 Qc8 13. Nf2 Bxf2+ 14. Kxf2 a5 15. b5 Nd4 16. c4 b6 17. Be3 Bh3 18. Rb1 Bxg2 19. Kxg2 Ne6 20. Rf1 Ng5 21. Qd2 Qh3+ 22. Kh1 Ne6 23. Nc3 Nd7 24. Nd5 f6 25. f4 O-O-O 26. Qg2 Qxg2+ 27. Kxg2 Rhe8 28. Kf3 Nef8 29. Ke2 Ng6 30. f5 Ne7 31. Nc3 Nc5 32. g4 Rh8 33. h4 Kd7 34. Rf2 Ke8 35. Kd2 Kf7 36. Kc2 Rdg8 37. Rg1 Rd8 38. Rg3 Rde8 39. Rff3 Rc8 40. Rh3 Nd7 41. Rf1 Rcg8 42. Rg3 Re8 43. Kd2 Rd8 44. Rf2 Rc8 45. Ne2 Nc5 46. Rf1 Rcd8 47. Ng1 Nd7 48. Rf2 Nc5 49. Nf3 Rc8 50. Kc2 Rcd8 51. Rgg2 Rc8 52. Rh2 Rcg8 53. g5 hxg5 54. hxg5 Nd7 55. g6+ Kf8 56. Rfg2 Ke8 57. Ng1 Nc8 58. Ne2 Ne7 59. Ng3 Rxh2 60. Rxh2 Nf8 61. Ne2 Nd7 62. Rh5 Kd8 63. Bf2 Ke8 64. Rh4 Kd8 65. Kc3 Nc8 66. Nc1 Ke7 67. Nb3 Re8 68. Rh7 Kf8 69. Rh8+ Ke7 70. Rh1 Kf8 71. Na1 Kg8 72. Nc2 Ne7 73. Rh4 Rd8 74. Rh3 Re8 75. d4 exd4+ 76. Bxd4 Nc8 77. Rh4 Ne5 78. Rh3 Ng4 79. Kd3 Rd8 80. Rg3 Ne5+ 81. Kc3 Ne7 82. Ne3 Nd7 83. Ng2 Nf8 84. Nf4 Re8 85. Kd3 Rd8 86. Rh3 Re8 87. Rh1 Rc8 88. Nh5 Nd7 89. Rh2 Rb8 90. Rc2 Rc8 91. Nf4 Nf8 92. Rc1 Rb8 93. Rh1 Rc8 94. Rh3 Rb8 95. Kc3 Rc8 96. Rh2 Rb8 97. Nh5 Nd7 98. Nxg7 Kxg7 99. Rh7+ Kf8 100. Rf7+ Ke8 101. Bxf6 Nxf6 102. Rxf6 Rd8 103. Rf7 Rc8 104. Kd4 c6 105. Rh7 cxb5 106. cxb5 Ng8 107. Rb7 Nf6 108. Rxb6 Rc1 109. Rb8+ Ke7 110. Rb7+ Ke8 111. g7 Re1 112. Kd3 Ra1 113. Ra7 Rxa3+ 114. Kc2 Ra2+ 115. Kc1 Ra1+ 116. Kc2 Ra2+ 117. Kc1 Ra1+ 118. Kb2 Ra4 119. Kc2 1/2-1/2

[Event "Münster - Brackel"]
[Site "?"]
[Date "2023.11.19"]
[Round "4.3"]
[White "Fluechter, Gregor"]
[Black "Chilla, Jan Eric"]
[Result "1-0"]
[WhiteElo "2280"]
[BlackElo "2243"]
[PlyCount "49"]
[EventDate "2023.??.??"]
[SourceVersionDate "2023.09.04"]

1. e4 e5 2. Bc4 Nf6 3. d4 exd4 4. Nf3 Bc5 5. O-O Nxe4 6. Re1 d5 7. Bxd5 Qxd5 8. Nc3 Qd7 9. Rxe4+ Be7 10. Rxd4 Qe6 11. Re4 Qc6 12. Qe2 Be6 13. Nd4 Qc5 14. Nxe6 fxe6 15. Re5 Qb4 16. Rxe6 Nc6 17. Nd5 Qh4 18. g3 Qh3 19. Rxe7+ Kd8 20. Rxc7 Qf5 21. Rxc6 Qxd5 22. Rc3 Re8 23. Bg5+ Qxg5 24. Rd1+ Qd5 25. Rxd5# 1-0

[Event "Münster - Brackel"]
[Site "?"]
[Date "2023.11.19"]
[Round "4.4"]
[White "Wichtrup, Jan-Louis"]
[Black "Steinmetzer, Thomas"]
[Result "1/2-1/2"]
[WhiteElo "2102"]
[BlackElo "2227"]
[PlyCount "142"]
[EventDate "2023.??.??"]
[SourceVersionDate "2023.09.04"]

1. c4 e6 2. Nf3 Nf6 3. g3 d5 4. Bg2 d4 5. O-O c5 6. Ne5 Bd6 7. Qa4+ Nbd7 8. Nd3 O-O 9. b4 cxb4 10. a3 bxa3 11. Bxa3 Bxa3 12. Nxa3 a6 13. c5 e5 14. Rfc1 Qe7 15. Qb4 Nb8 16. Nc4 e4 17. c6 Nxc6 18. Qxe7 Nxe7 19. Nc5 Bd7 20. Nb6 Bc6 21. Nxa8 Rxa8 22. d3 Ned5 23. Nxe4 Nxe4 24. Bxe4 Nc3 25. Bxc6 Nxe2+ 26. Kf1 Nxc1 27. Bxb7 Nb3 28. Ra3 Nd2+ 29. Ke2 Rb8 30. Kxd2 Rxb7 31. Rxa6 g6 32. Ra4 Rd7 33. Ke2 Kg7 34. Kf3 h5 35. Ke4 Re7+ 36. Kf4 Rd7 37. f3 Kf6 38. Ra6+ Kg7 39. h4 Rd8 40. Ke4 Rd7 41. Ra5 Re7+ 42. Re5 Rd7 43. Rd5 Re7+ 44. Kf4 Re1 45. Rxd4 Kf6 46. Re4 Rd1 47. Re3 Rd2 48. Ke4 Ke6 49. Re1 Kd6 50. Ra1 Re2+ 51. Kf4 Rd2 52. Ra6+ Ke7 53. Ra3 Rd1 54. g4 hxg4 55. fxg4 f6 56. Ra7+ Ke6 57. Ra6+ Ke7 58. Ke3 Rh1 59. g5 fxg5 60. hxg5 Kf7 61. Rf6+ Kg7 62. Rd6 Re1+ 63. Kd4 Kf7 64. Rf6+ Kg7 65. Ra6 Kf7 66. Kd5 Rg1 67. Ra7+ Kg8 68. Ke6 Rxg5 69. Kf6 Rd5 70. Kxg6 Rd6+ 71. Kf5 Rxd3 1/2-1/2

[Event "Münster - Brackel"]
[Site "?"]
[Date "2023.11.19"]
[Round "4.5"]
[White "Tkachuk, Konstantyn"]
[Black "Muschik, Benedikt"]
[Result "1/2-1/2"]
[WhiteElo "2240"]
[BlackElo "2270"]
[PlyCount "62"]
[EventDate "2023.??.??"]
[SourceVersionDate "2023.09.04"]

1. e4 g6 2. d4 Bg7 3. f4 c5 4. d5 d6 5. c4 f5 6. exf5 Bxf5 7. Bd3 Qd7 8. Nf3 Na6 9. O-O Nf6 10. Nc3 Nc7 11. a4 O-O 12. Qc2 b6 13. Bxf5 gxf5 14. Bd2 e6 15. dxe6 Qxe6 16. b3 Qd7 17. Rae1 Rae8 18. Qd3 Kh8 19. Rxe8 Rxe8 20. Re1 Rxe1+ 21. Bxe1 Qe6 22. Qe2 Ne4 23. Nxe4 Qxe4 24. Qxe4 fxe4 25. Ng5 d5 26. cxd5 Nxd5 27. g3 Bd4+ 28. Kf1 Nf6 29. Ke2 Kg7 30. h3 Kg6 31. Ne6 Kf5 1/2-1/2

[Event "Münster - Brackel"]
[Site "?"]
[Date "2023.11.19"]
[Round "4.6"]
[White "Wolter, Kai"]
[Black "Prieb, Robert"]
[Result "1/2-1/2"]
[WhiteElo "2179"]
[BlackElo "2048"]
[PlyCount "54"]
[EventDate "2023.??.??"]
[SourceVersionDate "2023.09.04"]

1. e4 e6 2. d4 d5 3. exd5 exd5 4. Nf3 Nf6 5. Bd3 c5 6. O-O c4 7. Re1+ Be7 8. Bf1 O-O 9. b3 cxb3 10. axb3 h6 11. Ne5 Bf5 12. Bd3 Bxd3 13. Qxd3 Nc6 14. c3 Bd6 15. Nd2 Re8 16. Ndf3 Qc7 17. Bf4 Ne4 18. Nxc6 Bxf4 19. Nxa7 Qxc3 20. Qxc3 Nxc3 21. Rxe8+ Rxe8 22. g3 Bc7 23. Kf1 Bb6 24. Ra3 Nb1 25. Ra1 Nc3 26. Ra3 Nb1 27. Ra1 Nc3 1/2-1/2

[Event "Münster - Brackel"]
[Site "?"]
[Date "2023.11.19"]
[Round "4.7"]
[White "Goldschmidt, Christian"]
[Black "Rott, Georg"]
[Result "1-0"]
[WhiteElo "2177"]
[BlackElo "2133"]
[PlyCount "85"]
[EventDate "2023.??.??"]
[SourceVersionDate "2023.09.04"]

1. e4 e6 2. d4 d5 3. Nd2 c5 4. exd5 Qxd5 5. Ngf3 cxd4 6. Bc4 Qd7 7. O-O Nc6 8. Nb3 a6 9. Nbxd4 Nxd4 10. Nxd4 b5 11. Bb3 Bb7 12. Bf4 Nf6 13. Re1 Be7 14. Be5 O-O 15. Qe2 Bd5 16. Rad1 Rfd8 17. Nf5 exf5 18. Bxf6 Bxf6 19. Rxd5 Qc8 20. Rxd8+ Qxd8 21. c3 g6 22. Qf3 Ra7 23. Rd1 Qb6 24. Qd5 Re7 25. Qd8+ Qxd8 26. Rxd8+ Kg7 27. Kf1 Re1+ 28. Kxe1 Bxd8 29. Bd5 a5 30. Kd2 b4 31. cxb4 axb4 32. a4 bxa3 33. bxa3 g5 34. Kd3 h5 35. a4 g4 36. Kc4 Bb6 37. f3 f4 38. Kb5 Bg1 39. h3 g3 40. h4 f5 41. Be6 Kf6 42. Bc8 Ke5 43. Kc6 1-0

[Event "Münster - Brackel"]
[Site "?"]
[Date "2023.11.19"]
[Round "4.8"]
[White "Wilde, Pierre"]
[Black "Skabs, Denis"]
[Result "1/2-1/2"]
[WhiteElo "2207"]
[BlackElo "2067"]
[PlyCount "37"]
[EventDate "2023.??.??"]
[SourceVersionDate "2023.09.04"]

1. d4 d5 2. c4 e6 3. Nc3 c5 4. cxd5 cxd4 5. Qa4+ Bd7 6. Qxd4 exd5 7. Qxd5 Nf6 8. Qd1 Nc6 9. Nf3 Bc5 10. e3 Qe7 11. Be2 O-O 12. O-O Rfd8 13. a3 Bg4 14. Qc2 Bd6 15. Rd1 Rac8 16. h3 Bh5 17. Nh4 Qe5 18. g3 Bxe2 19. Qxe2 1/2-1/2

[Event "Wattenscheid - Katernberg 2"]
[Site "?"]
[Date "2023.11.19"]
[Round "4.1"]
[White "Bee, Marcus"]
[Black "Koscielski, Janusz"]
[Result "1/2-1/2"]
[WhiteElo "2209"]
[BlackElo "2263"]
[PlyCount "60"]
[EventDate "2023.??.??"]
[SourceVersionDate "2023.09.04"]

1. d4 d5 2. Nf3 Nf6 3. Bg5 e6 4. Nbd2 Be7 5. e3 O-O 6. Bd3 c5 7. c3 b6 8. O-O Ba6 9. Bxa6 Nxa6 10. Ne5 Nb8 11. Qc2 Nfd7 12. Bxe7 Qxe7 13. Nxd7 Nxd7 14. dxc5 Nxc5 15. e4 Nxe4 16. Nxe4 dxe4 17. Qxe4 Rad8 18. Rad1 Rd7 19. Rd3 Rxd3 20. Qxd3 Rd8 21. Qe2 Qd7 22. g3 g6 23. Rc1 Kg7 24. c4 Qd2 25. Rc2 Qxe2 26. Rxe2 Rd1+ 27. Kg2 Rc1 28. b3 Kf6 29. h4 a5 30. Kf3 Ke7 1/2-1/2

[Event "Wattenscheid - Katernberg 2"]
[Site "?"]
[Date "2023.11.19"]
[Round "4.3"]
[White "Irkilmez, Yakub"]
[Black "Wengenroth, Walter"]
[Result "1-0"]
[WhiteElo "2123"]
[BlackElo "2252"]
[PlyCount "75"]
[EventDate "2023.??.??"]
[SourceVersionDate "2023.09.04"]

1. Nf3 Nf6 2. g3 d5 3. Bg2 e6 4. O-O Be7 5. d3 O-O 6. Nbd2 c5 7. e4 Nc6 8. Re1 b5 9. h4 a5 10. c3 Ba6 11. e5 Nd7 12. d4 b4 13. a3 Qb6 14. Nf1 bxc3 15. bxc3 Rab8 16. N1h2 Qb3 17. Qd2 Nb6 18. Qf4 Qxc3 19. Bd2 Qb3 20. Ng4 Bd3 21. dxc5 Nc4 22. Rac1 Bf5 23. Ne3 Nxe3 24. Bxe3 Qxa3 25. Nd4 Nxd4 26. Qxd4 f6 27. c6 fxe5 28. Qxe5 Bf6 29. Qc7 Rfc8 30. Qa7 Qb4 31. Bf4 Ra8 32. Qb7 Qf8 33. c7 a4 34. Bxd5 a3 35. Qxa8 Rxa8 36. Bxa8 e5 37. Bd5+ Kh8 38. Bxe5 1-0

[Event "Wattenscheid - Katernberg 2"]
[Site "?"]
[Date "2023.11.19"]
[Round "4.4"]
[White "Sandkamp, Ralph"]
[Black "Meyer, Armin"]
[Result "1/2-1/2"]
[WhiteElo "2237"]
[BlackElo "2180"]
[PlyCount "54"]
[EventDate "2023.??.??"]
[SourceVersionDate "2023.09.04"]

1. e4 e6 2. d4 d5 3. Nc3 dxe4 4. Nxe4 Nd7 5. Nf3 Ngf6 6. Bg5 Be7 7. Bxf6 Nxf6 8. Bd3 Nxe4 9. Bxe4 c5 10. dxc5 Qxd1+ 11. Rxd1 Bxc5 12. O-O f6 13. Rfe1 Rb8 14. Bd5 Ke7 15. Bb3 Re8 16. Kf1 Bd7 17. Nd4 Bxd4 18. Rxd4 Rbd8 19. Rde4 Kd6 20. f4 e5 21. fxe5+ Rxe5 22. Rd1+ Ke7 23. Rxe5+ fxe5 24. Rd5 Rf8+ 25. Ke2 Rf5 26. Ke3 Bc6 27. Rd2 Rf1 1/2-1/2

[Event "Wattenscheid - Katernberg 2"]
[Site "?"]
[Date "2023.11.19"]
[Round "4.5"]
[White "Villwock, Martin"]
[Black "Thiel, Thomas"]
[Result "1-0"]
[WhiteElo "2073"]
[BlackElo "2131"]
[PlyCount "53"]
[EventDate "2023.??.??"]
[SourceVersionDate "2023.09.04"]

1. e4 d5 2. exd5 Qxd5 3. Nc3 Qd6 4. Bc4 Nf6 5. d3 a6 6. Qf3 Nc6 7. Ne4 Qd8 8. Ne2 Ne5 9. Nxf6+ exf6 10. Qe4 Bb4+ 11. c3 Be7 12. Bf4 Nxc4 13. dxc4 Qd7 14. O-O c5 15. Ng3 Qe6 16. Qf3 Qg4 17. Qe3 Be6 18. h3 Qg6 19. Qf3 O-O-O 20. Ne4 Qf5 21. g4 Qg6 22. Bh2 h5 23. Rad1 Rxd1 24. Rxd1 Rd8 25. Rxd8+ Kxd8 26. Qf4 Bd7 27. Qc7+ 1-0

[Event "Wattenscheid - Katernberg 2"]
[Site "?"]
[Date "2023.11.19"]
[Round "4.6"]
[White "Hirsch, Stefan"]
[Black "Melde, Benjamin"]
[Result "0-1"]
[WhiteElo "2137"]
[BlackElo "2008"]
[PlyCount "68"]
[EventDate "2023.??.??"]
[SourceVersionDate "2023.09.04"]

1. e4 c5 2. Nf3 d6 3. Bb5+ Nd7 4. O-O a6 5. Bxd7+ Bxd7 6. c4 Nf6 7. d3 g6 8. Nc3 Bg7 9. a4 O-O 10. h3 Rb8 11. Bd2 b5 12. axb5 axb5 13. cxb5 Bxb5 14. Nxb5 Rxb5 15. Bc3 d5 16. e5 Ne8 17. d4 c4 18. Qa4 Qb8 19. Ne1 Nc7 20. f4 Qb7 21. Qd1 e6 22. Nc2 Rb3 23. Ra3 Rb8 24. Rxb3 Qxb3 25. Ne3 Qa2 26. Qa1 Ra8 27. Qxa2 Rxa2 28. h4 Bf8 29. Nd1 Be7 30. g3 Nb5 31. Rf2 Ra1 32. Rd2 Bd8 33. Bb4 Bb6 34. Bc5 Ba5 0-1

[Event "Wattenscheid - Katernberg 2"]
[Site "?"]
[Date "2023.11.19"]
[Round "4.7"]
[White "Gassmann, Volker"]
[Black "Kaehmann, Joerg"]
[Result "0-1"]
[WhiteElo "2130"]
[BlackElo "2145"]
[PlyCount "58"]
[EventDate "2023.??.??"]
[SourceVersionDate "2023.09.04"]

1. d4 e6 2. c4 Nf6 3. Nc3 d5 4. Nf3 Be7 5. Bf4 a6 6. e3 O-O 7. Rc1 b6 8. cxd5 exd5 9. Bd3 c5 10. O-O Bb7 11. Re1 Nbd7 12. h3 Re8 13. Bb1 Rc8 14. Ne5 Nf8 15. dxc5 bxc5 16. Qb3 Ba8 17. Red1 Ne6 18. Bg3 c4 19. Qc2 d4 20. exd4 Nxd4 21. Qd2 Bc5 22. Qf4 Qb6 23. Re1 Qxb2 24. Kh2 Ne6 25. Qh4 Bd4 26. Ng4 Nxg4+ 27. hxg4 g6 28. Ne4 Bxe4 29. Bxe4 Bf6 0-1

[Event "Wattenscheid - Katernberg 2"]
[Site "?"]
[Date "2023.11.19"]
[Round "4.8"]
[White "Lang, Daniel"]
[Black "Dette, Jan"]
[Result "0-1"]
[WhiteElo "2120"]
[BlackElo "2052"]
[PlyCount "66"]
[EventDate "2023.??.??"]
[SourceVersionDate "2023.09.04"]

1. d4 Nf6 2. c4 e6 3. Nc3 Bb4 4. e3 O-O 5. Nge2 c6 6. a3 Ba5 7. b4 Bc7 8. e4 d5 9. e5 Nfd7 10. Nf4 a5 11. Rb1 axb4 12. axb4 c5 13. bxc5 Ba5 14. Bd2 Nc6 15. Nb5 Qg5 16. g3 Nxd4 17. Nxd4 Qxe5+ 18. Nfe2 Bxd2+ 19. Kxd2 Nxc5 20. Bg2 dxc4 21. Ke1 Nd3+ 22. Kf1 Qf6 23. f3 e5 24. Nc2 Bg4 25. Nc3 Bf5 26. Qe2 Nc5 27. Kg1 Bd3 28. Qf2 e4 29. Nxe4 Nxe4 30. fxe4 Qxf2+ 31. Kxf2 Ra2 32. Rxb7 Rxc2+ 33. Kf3 Rxg2 0-1

[Event "Mülheim Nord II - Erkenschwick"]
[Site "?"]
[Date "2024.01.28"]
[Round "5.1"]
[White "Nijboer, Friso"]
[Black "Stillger, Bernhard"]
[Result "1/2-1/2"]
[WhiteElo "2472"]
[BlackElo "2284"]
[PlyCount "41"]
[EventDate "2024.??.??"]
[SourceVersionDate "2023.09.04"]

1. e4 e5 2. Nf3 Nc6 3. Bb5 Nf6 4. d3 Bc5 5. c3 d5 6. exd5 Qxd5 7. Bc4 Qd6 8. b4 Bb6 9. Nbd2 Bf5 10. Ng5 O-O 11. Nde4 Nxe4 12. dxe4 Qxd1+ 13. Kxd1 Bg4+ 14. f3 Bd7 15. Ke2 h6 16. Nh3 Bxh3 17. gxh3 Ne7 18. Rd1 Rfd8 19. Rxd8+ Rxd8 20. f4 Ng6 21. f5 1/2-1/2

[Event "Mülheim Nord II - Erkenschwick"]
[Site "?"]
[Date "2024.01.28"]
[Round "5.2"]
[White "Baltic, Fatih"]
[Black "Ris, Robert"]
[Result "1/2-1/2"]
[WhiteElo "2254"]
[BlackElo "2440"]
[PlyCount "36"]
[EventDate "2024.??.??"]
[SourceVersionDate "2023.09.04"]

1. e4 c5 2. Nf3 Nc6 3. d3 e6 4. g3 d5 5. Nbd2 Bd6 6. Bg2 Nge7 7. O-O O-O 8. Re1 f6 9. c3 Qc7 10. d4 cxd4 11. Nxd4 Nxd4 12. cxd4 Bd7 13. exd5 Nxd5 14. Ne4 Be7 15. Ng5 Qd6 16. Ne4 Qc7 17. Ng5 Qd6 18. Ne4 Qc7 1/2-1/2

[Event "Mülheim Nord II - Erkenschwick"]
[Site "?"]
[Date "2024.01.28"]
[Round "5.3"]
[White "De Vreugt, Dennis"]
[Black "De Boer, Bas"]
[Result "1-0"]
[WhiteElo "2411"]
[BlackElo "2195"]
[PlyCount "61"]
[EventDate "2024.??.??"]
[SourceVersionDate "2023.09.04"]

1. e4 c5 2. c3 d5 3. exd5 Qxd5 4. d4 Nf6 5. Nf3 Nc6 6. Na3 e6 7. Bg5 cxd4 8. Nb5 Qd8 9. Nbxd4 Nxd4 10. Nxd4 a6 11. Bd3 Be7 12. O-O O-O 13. Re1 Qc7 14. Qf3 h6 15. Bf4 Qb6 16. Rab1 Nd5 17. Be5 Bf6 18. Qe4 g6 19. c4 Bxe5 20. Qxe5 Nb4 21. Be4 Nxa2 22. c5 Qd8 23. Red1 Qe7 24. Nc2 Rd8 25. Rd6 Rxd6 26. cxd6 Qd7 27. Qa5 Qxd6 28. Qxa2 Qf4 29. Bf3 e5 30. Ne3 Be6 31. Bd5 1-0

[Event "Mülheim Nord II - Erkenschwick"]
[Site "?"]
[Date "2024.01.28"]
[Round "5.4"]
[White "Proettel, Swen"]
[Black "Jens, Jelmer"]
[Result "1/2-1/2"]
[WhiteElo "2137"]
[BlackElo "2378"]
[PlyCount "41"]
[EventDate "2024.??.??"]
[SourceVersionDate "2023.09.04"]

1. e4 c5 2. Nc3 Nc6 3. f4 g6 4. Nf3 Bg7 5. Bb5 Nd4 6. Bd3 d6 7. Nxd4 cxd4 8. Ne2 Nf6 9. Nxd4 Nxe4 10. Bxe4 Bxd4 11. c3 Bg7 12. Qf3 Rb8 13. O-O b5 14. d4 b4 15. f5 O-O 16. Bg5 bxc3 17. bxc3 Rb2 18. Rae1 Ba6 19. Bd3 Bb7 20. Be4 Ba6 21. Bd3 1/2-1/2

[Event "Mülheim Nord II - Erkenschwick"]
[Site "?"]
[Date "2024.01.28"]
[Round "5.5"]
[White "Spriestersbach, Kai"]
[Black "Albers, Sasa"]
[Result "0-1"]
[WhiteElo "2282"]
[BlackElo "2188"]
[PlyCount "76"]
[EventDate "2024.??.??"]
[SourceVersionDate "2023.09.04"]

1. e4 c6 2. d4 d5 3. e5 c5 4. Nf3 Bg4 5. dxc5 e6 6. Be3 Nd7 7. Bb5 Ne7 8. b4 Nc6 9. Bxc6 bxc6 10. Qd4 Bxf3 11. gxf3 Qb8 12. f4 a5 13. c3 axb4 14. cxb4 Ra4 15. a3 Bxc5 16. Qb2 Bxe3 17. fxe3 O-O 18. Nc3 Ra7 19. O-O Nb6 20. Ne2 Nc4 21. Qc3 Qb6 22. Qd4 Qb7 23. e4 Rfa8 24. f5 Nxa3 25. fxe6 fxe6 26. Nf4 Qe7 27. exd5 exd5 28. e6 Re8 29. Kh1 Nb5 30. Qb2 Rxa1 31. Rxa1 Rf8 32. Qe5 Qf6 33. Qxf6 Rxf6 34. e7 Nc7 35. Ra7 Ne8 36. Nd3 Re6 37. Rd7 Kf7 38. Kg2 Re3 0-1

[Event "Mülheim Nord II - Erkenschwick"]
[Site "?"]
[Date "2024.01.28"]
[Round "5.6"]
[White "Beckmann, Klaus"]
[Black "Erwich, Marc"]
[Result "0-1"]
[WhiteElo "1617"]
[BlackElo "2334"]
[PlyCount "74"]
[EventDate "2024.??.??"]
[SourceVersionDate "2023.09.04"]

1. d4 Nf6 2. Nf3 e6 3. g3 b6 4. Bg2 Bb7 5. O-O Be7 6. b3 O-O 7. Bb2 d5 8. c4 dxc4 9. bxc4 c5 10. e3 Qc8 11. Nbd2 Ne4 12. Rc1 Rd8 13. Qc2 Nxd2 14. Nxd2 Bxg2 15. Kxg2 Qb7+ 16. Qe4 Qxe4+ 17. Nxe4 cxd4 18. exd4 f5 19. Nc3 Nc6 20. d5 exd5 21. Nxd5 Bf8 22. Rfd1 Kf7 23. Ne3 g6 24. Rxd8 Rxd8 25. Rd1 Rxd1 26. Nxd1 Ke6 27. f4 Na5 28. Be5 Nxc4 29. Bb8 a6 30. Kf3 Kd5 31. Ke2 Bc5 32. Kd3 b5 33. Bc7 Bg1 34. h3 Bh2 35. g4 Kc6 36. Bb8 Kb7 37. Be5 fxg4 0-1

[Event "Mülheim Nord II - Erkenschwick"]
[Site "?"]
[Date "2024.01.28"]
[Round "5.7"]
[White "Jonkman, Harmen"]
[Black "Schlefers, Florian"]
[Result "1-0"]
[WhiteElo "2328"]
[BlackElo "1737"]
[PlyCount "59"]
[EventDate "2024.??.??"]
[SourceVersionDate "2023.09.04"]

1. e4 e5 2. Bc4 Nf6 3. d3 Nc6 4. Nc3 Bc5 5. Nf3 h6 6. a3 a5 7. Be3 Bxe3 8. fxe3 d6 9. Qe2 Be6 10. d4 Bxc4 11. Qxc4 O-O 12. O-O-O Nxe4 13. Nxe4 d5 14. Qa4 dxe4 15. dxe5 Qe7 16. Qxe4 Rad8 17. Rd3 Qe6 18. Kb1 f6 19. Rb3 Nxe5 20. Rxb7 Qd6 21. Nxe5 Qxe5 22. Qxe5 fxe5 23. Rxc7 Rf2 24. g4 Rdd2 25. h3 e4 26. b4 axb4 27. axb4 Rf6 28. Kb2 Re2 29. Rc3 Kf7 30. Rd1 1-0

[Event "Mülheim Nord II - Erkenschwick"]
[Site "?"]
[Date "2024.01.28"]
[Round "5.8"]
[White "Roth, Jan Paul"]
[Black "Van Beek, Alexander"]
[Result "0-1"]
[WhiteElo "1669"]
[BlackElo "2298"]
[PlyCount "45"]
[EventDate "2024.??.??"]
[SourceVersionDate "2023.09.04"]

1. e4 e5 2. Nf3 Nc6 3. d4 exd4 4. Nxd4 Nf6 5. Nxc6 bxc6 6. Bd3 d5 7. e5 Ng4 8. Bf4 Bc5 9. O-O g5 10. Bg3 h5 11. h4 gxh4 12. Bf4 h3 13. b4 h2+ 14. Kh1 Nxf2+ 15. Rxf2 Bxf2 16. Nd2 Qh4 17. Bxh2 Bg3 18. Nf3 Qf4 19. Bg1 h4 20. e6 Bxe6 21. Bd4 Rh5 22. Qe2 h3 23. Rf1 0-1